000 00636nam a2200205 i 4500
001 76970
003 ES-MaACL
005 20230906173033.0
007 t|
008 041006s1979 sp ||||1| spa d
100 1 _aGurwitsch, Aron.
_961009
245 1 3 _aEl campo de la conciencia
_b: un análisis fenomenológico /
_cAron Gurwitsch ; versión Jorge García-Gómez.
260 _a[Madrid] :
_bAlianza,
_c[1979]
300 _a489 p. ;
_c20 cm.
490 1 _aAlianza universidad
700 1 _aGarcía Gómez, Jorge.
_9180620
830 0 _aAlianza universidad
_9177276
852 _aES-MaACL
_jA-10383
_bR.99361
999 _c76970
_d76970